Food in the Lyrics #3 - Statistics

General Stats
  • This quiz has been taken 75 times
  • The average score is 7 of 15
Answer Stats
Lyrics Food % Correct
I kissed a girl and I liked it / The taste of her ______ chapstick Cherry
84%
My anaconda don't want none unless you got ____, hun Buns
75%
Ice ice baby _______, ice ice baby _______ Vanilla
66%
So I called up the captain / "Please bring me my ____" / He said, "We haven't had that spirit here since nineteen sixty nine" Wine
66%
She wore a _________ beret / The kind you find in a second hand store Raspberry
55%
Where trouble melts like _____ drops / High above the chimney tops / That's where you'll find me Lemon
53%
Eleanor Rigby picks up the ____ in the church where a wedding has been Rice
47%
Can you imagine no love, pride, deep-fried _______? / Your best friend always sticking up for you even when I know you're wrong Chicken
42%
From the park you hear the happy sound of a carousel / Mmm, you can almost taste the ___ ____ and french fries they sell Hot dogs
41%
You bet I totes believed her, yeah, every word she said / Thought he was gluten free, but all that I got was _____ Bread
34%
You're the cutest thing that I ever did see / I really love your _______ / Want to shake your tree Peaches
34%
We don't buy no drinks at the bar / We pop _________ 'cause we got that dough Champagne
22%
Now I really love how you're easy to stack / But I really hate how you're easy to crack / 'Cause when ____ runs down the front of my back Beer
19%
"We ain't nothing but mammals..." Well, some of us cannibals / Who cut other people open like ___________ Cantaloupes
14%
I get home, I got the munchies / Binge on all my ________ / Throw up in the tub / Then I go to sleep Twinkies
6%
No matching quizzes found
Score Distribution
Percent of People with Each Score
Percentile by Number Answered
Your Score History
You have not taken this quiz